| 000 | 00967cam a2200253 4500 | ||
|---|---|---|---|
| 001 | ABS65520 | ||
| 008 | 020521n2002 000 0 eng u | ||
| 035 | _a(Sirsi) u118070 | ||
| 100 | _aRandall, B | ||
| 245 | _aLand of plenty? | ||
| 260 | _c2002 | ||
| 490 |
_aHousing _v May 2002, 22-23(2) |
||
| 520 | _aConsiders a variety of solutions to the double shortage of building land and affordable housing in the South East. Use of empty houses and exploitation of brownfield sites are not enough to meet the demand for new homes. Other options are examined: extension of existing towns; new settlements often involving land pooling; community land trusts and redevelopment of coastal towns. | ||
| 590 | _aABS | ||
| 650 | _aBUILDING LAND | ||
| 650 | _aSOUTH EAST | ||
| 650 | _aCOASTAL TOWNS | ||
| 650 | _aBROWNFIELD SITES | ||
| 650 | _aLAND POOLING | ||
| 650 | _aTOWN EXTENSIONS | ||
| 650 | _aEMPTY HOMES | ||
| 690 | _aHOUSING-DEVELOPMENT | ||
| 942 | _n0 | ||
| 999 |
_c70309 _d70309 |
||